UM Logo
Normal view MARC view
  • Williams, Joanne D.

Entry Personal Name

Number of records used in: 1

001 - CONTROL NUMBER

  • control field: 45492

003 - CONTROL NUMBER IDENTIFIER

  • control field: OSt

005 - DATE AND TIME OF LATEST TRANSACTION

  • control field: 20220607142658.0

008 - FIXED-LENGTH DATA ELEMENTS

  • fixed length control field: 220607|| aca||aabn | a|a d

040 ## - CATALOGING SOURCE

  • Original cataloging agency: OSt
  • Transcribing agency: OSt

100 ## - HEADING--PERSONAL NAME

  • Personal name: Williams, Joanne D.
  • Relator term: Author.

670 ## - SOURCE DATA FOUND

  • Source citation: Work cat.: (OSt)17120: Ehrlich, Craig P. 42770, Accountants' liability in compiling financial statements:, 2011.